English Heritage practical building conservation. (Record no. 531970)
[ view plain ]
| 000 -LEADER | |
|---|---|
| fixed length control field | 01493cam a22003977a 4500 |
| 001 - CONTROL NUMBER | |
| control field | 15733043 |
| 003 - CONTROL NUMBER IDENTIFIER | |
| control field | NUST |
| 005 - DATE AND TIME OF LATEST TRANSACTION | |
| control field | 20191105113518.0 |
| 008 - FIXED-LENGTH DATA ELEMENTS--GENERAL INFORMATION | |
| fixed length control field | 090511s2009 enkab b 001 0 eng d |
| 010 ## - LIBRARY OF CONGRESS CONTROL NUMBER | |
| LC control number | 2009928383 |
| 015 ## - NATIONAL BIBLIOGRAPHY NUMBER | |
| National bibliography number | GBA969425 |
| Source | bnb |
| 016 7# - NATIONAL BIBLIOGRAPHIC AGENCY CONTROL NUMBER | |
| Record control number | 015326729 |
| Source | Uk |
| 020 ## - INTERNATIONAL STANDARD BOOK NUMBER | |
| International Standard Book Number | 9780754645511 (hbk.) |
| 020 ## - INTERNATIONAL STANDARD BOOK NUMBER | |
| International Standard Book Number | 0754645517 (hbk.) |
| 035 ## - SYSTEM CONTROL NUMBER | |
| System control number | (OCoLC)ocn426119855 |
| 038 ## - RECORD CONTENT LICENSOR | |
| Staff Name | MSOHAIL |
| 040 ## - CATALOGING SOURCE | |
| Original cataloging agency | UKM |
| Language of cataloging | eng |
| Transcribing agency | UKM |
| Modifying agency | YDXCP |
| -- | BTCTA |
| -- | CDX |
| -- | YNK |
| -- | NKM |
| -- | IXA |
| -- | PIT |
| -- | DLC |
| 042 ## - AUTHENTICATION CODE | |
| Authentication code | lccopycat |
| 050 00 - LIBRARY OF CONGRESS CALL NUMBER | |
| Classification number | NA105 |
| Item number | .E54 2013 |
| 082 04 - DEWEY DECIMAL CLASSIFICATION NUMBER | |
| Classification number | 720.288 |
| Edition number | 22 |
| 100 ## - MAIN ENTRY--PERSONAL NAME | |
| Personal name | Bill Martin |
| 9 (RLIN) | 25183 |
| 245 00 - TITLE STATEMENT | |
| Title | English Heritage practical building conservation. |
| Name of part/section of a work | Conservation basics / |
| 246 3# - VARYING FORM OF TITLE | |
| Title proper/short title | Practical building conservation |
| 246 18 - VARYING FORM OF TITLE | |
| Title proper/short title | Conservation basics : |
| Remainder of title | practical building conservation |
| 260 ## - PUBLICATION, DISTRIBUTION, ETC. | |
| Place of publication, distribution, etc. | London : |
| Name of publisher, distributor, etc. | Ashgate : |
| -- | English Heritage, |
| Date of publication, distribution, etc. | c2013. |
| 300 ## - PHYSICAL DESCRIPTION | |
| Extent | viii, 487 p. : |
| Other physical details | ill. (some col.), col. maps ; |
| Dimensions | 25 cm. |
| 504 ## - BIBLIOGRAPHY, ETC. NOTE | |
| Bibliography, etc. note | Includes bibliographical references (p. 360-370) and index. |
| 650 #0 - SUBJECT ADDED ENTRY--TOPICAL TERM | |
| Topical term or geographic name entry element | Historic buildings |
| General subdivision | Conservation and restoration |
| Form subdivision | Handbooks, manuals, etc. |
| 9 (RLIN) | 25184 |
| 650 #0 - SUBJECT ADDED ENTRY--TOPICAL TERM | |
| Topical term or geographic name entry element | Historic buildings |
| General subdivision | Law and legislation |
| Geographic subdivision | England. |
| 9 (RLIN) | 25185 |
| 700 1# - ADDED ENTRY--PERSONAL NAME | |
| Personal name | McCaig, Iain. |
| 9 (RLIN) | 25186 |
| 700 1# - ADDED ENTRY--PERSONAL NAME | |
| Personal name | Abrey, Graham. |
| 9 (RLIN) | 25187 |
| 710 2# - ADDED ENTRY--CORPORATE NAME | |
| Corporate name or jurisdiction name as entry element | English Heritage. |
| 9 (RLIN) | 25188 |
| 906 ## - LOCAL DATA ELEMENT F, LDF (RLIN) | |
| a | 7 |
| b | cbc |
| c | copycat |
| d | 2 |
| e | epcn |
| f | 20 |
| g | y-gencatlg |
| 942 ## - ADDED ENTRY ELEMENTS (KOHA) | |
| Source of classification or shelving scheme | |
| Koha item type | Book |
| Withdrawn status | Lost status | Source of classification or shelving scheme | Damaged status | Not for loan | Permanent Location | Current Location | Date acquired | Total Checkouts | Full call number | Barcode | Date last seen | Price effective from | Koha item type |
|---|---|---|---|---|---|---|---|---|---|---|---|---|---|
| School of Civil and Environmental Engineering (SCEE) | School of Civil and Environmental Engineering (SCEE) | 11/05/2019 | 720.288 | NIT-11887 | 11/05/2019 | 11/05/2019 | Book |
